Statistiques concernant Équipes-types de la Ligue des Champions : 2010

Cliquez ici pour prendre le quiz!

Statistiques générales

  • Ce quiz a été pris 586 fois
  • Le résultat moyen est 9 sur 11

Statistiques - réponses

PosteJoueurClub% Correct
AttaquantCristiano RonaldoRéal Madrid
99%
AttaquantLionel MessiBarcelone
99%
MilieuAndres IniestaBarcelone
98%
GardienIker CasillasRéal Madrid
98%
MilieuXaviBarcelone
98%
Défenseur centralCarles PuyolBarcelone
96%
Défenseur centralGerard PiquéBarcelone
96%
AttaquantSamuel Eto'oInter Milan
74%
MilieuWesley SneijderInter Milan
61%
Défenseur latéralMaiconInter Milan
48%
Défenseur latéralFabio CoentraoBenfica
20%

Distribution des résultats

Percentile par nombre de réponses

% des personnes avec chaque résultat

Votre développement - résultats

Vous n’avez pas pris ce quiz